ਨਿਵੇਕਲੀ ਗੀਤਕਾਰੀ ਦਾ ਸ਼ਹਿਨਾਸ਼ਾਹ ਦੇਵ ਥਰੀਕਿਆਂ ਵਾਲਾ (Record no. 1227594)
[ view plain ]
| 000 -LEADER | |
|---|---|
| fixed length control field | 00798nam a2200205Ia 4500 |
| 005 - DATE AND TIME OF LATEST TRANSACTION | |
| control field | 20241129110154.0 |
| 008 - FIXED-LENGTH DATA ELEMENTS--GENERAL INFORMATION | |
| fixed length control field | 241129s9999||||xx |||||||||||||| ||und|| |
| 037 ## - SOURCE OF ACQUISITION | |
| Stock number | TB |
| 040 ## - CATALOGING SOURCE | |
| Original cataloging agency | ARTS |
| Language of cataloging | pun |
| Transcribing agency | ARTS |
| 041 ## - LANGUAGE CODE | |
| Language code of text/sound track or separate title | pun |
| Source of code | pun |
| 084 ## - COLON CLASSIFICATION NUMBER | |
| Classification number | NR4443wN39 153R2 |
| Assigning agency | ARTS |
| 100 ## - MAIN ENTRY--PERSONAL NAME | |
| Personal name | ਸ਼ੌਕੀ, ਗੁਲਗ਼ਾਰ, ਚ। |
| 245 #0 - TITLE STATEMENT | |
| Title | ਨਿਵੇਕਲੀ ਗੀਤਕਾਰੀ ਦਾ ਸ਼ਹਿਨਾਸ਼ਾਹ ਦੇਵ ਥਰੀਕਿਆਂ ਵਾਲਾ |
| Statement of responsibility, etc. | ਸ਼ੌਕੀ, ਗੁਲਗ਼ਾਰ, ਚ। |
| 260 ## - PUBLICATION, DISTRIBUTION, ETC. | |
| Place of publication, distribution, etc. | ਸਮਾਨਾ, ਭਾਰਤ |
| Name of publisher, distributor, etc. | ਸਮਾਨਾ ਨਵਰੰਗ ਪਬਲੀਕੇFਨ |
| Date of publication, distribution, etc. | 2022 |
| 300 ## - PHYSICAL DESCRIPTION | |
| Extent | 110ਪ੍ਰ0 |
| 365 ## - TRADE PRICE | |
| Price type code | INR |
| Price amount | 250 |
| 650 ## - SUBJECT ADDED ENTRY--TOPICAL TERM | |
| Topical term or geographic name entry element | ArtsMusic-India |
| 9 (RLIN) | 727437 |
| 942 ## - ADDED ENTRY ELEMENTS (KOHA) | |
| Koha item type | Textbook |
| Classification part | NR4443wN39 153R2 |
| Withdrawn status | Lost status | Damaged status | Not for loan | Home library | Current library | Date acquired | Source of acquisition | Cost, normal purchase price | Inventory number | Total Checkouts | Full call number | Barcode | Date last seen | Price effective from | Koha item type |
|---|---|---|---|---|---|---|---|---|---|---|---|---|---|---|---|
| Arts Library | Arts Library | 2024-11-29 | Star Publications (Pvt.) Ltd. | 250.00 | SP/6048 & 27/01/2024 | NR4443wN39 153R2 | AL1803628 | 2024-11-29 | 2024-11-29 | Textbook |
